| 000 | 00416nam a2200157Ia 4500 | ||
|---|---|---|---|
| 008 | 230312s9999||||xx |||||||||||||| ||und|| | ||
| 020 | _a0-07-113781-5 | ||
| 082 |
_a657 _bZEF |
||
| 100 | _aZeff, Stephen A | ||
| 245 | 0 | _aReading and notes on Financial Accounting | |
| 260 |
_bMcGraw Hill _aLondon _c1994 |
||
| 300 | _a782 | ||
| 546 | _aEng. | ||
| 650 |
_aAccounting _vDevelopment of accounting standard |
||
| 942 | _cBK | ||
| 999 |
_c4999 _d4999 |
||